LIBRARY & INFORMATION CENTRE, KCAET, TAVANUR

ONLINE PUBLIC ACCESS CATALOGUE (OPAC)

Lands and peoples of the world / (Record no. 11243)

MARC details
000 -LEADER
fixed length control field 00366cam a2200145ua 4500
003 - CONTROL NUMBER IDENTIFIER
control field OSt
008 - FIXED-LENGTH DATA ELEMENTS--GENERAL INFORMATION
fixed length control field 240321b |||||||| |||| 00| 0 eng d
041 ## - LANGUAGE CODE
Language code of text/sound track or separate title eng
082 ## - DEWEY DECIMAL CLASSIFICATION NUMBER
Classification number 909
Item number HAM/LA
100 ## - MAIN ENTRY--AUTHOR NAME
Personal name Hammerton, J A .
245 ## - TITLE STATEMENT
Title Lands and peoples of the world /
260 ## - PUBLICATION, DISTRIBUTION, ETC. (IMPRINT)
Place of publication Delhi :
Name of publisher Mittal Publications ,
Year of publication 1985.
300 ## - PHYSICAL DESCRIPTION
Number of Pages 865-1295 ; .
942 ## - ADDED ENTRY ELEMENTS (KOHA)
Koha item type Books
Holdings
Withdrawn status Lost status Damaged status Home library Current library Date acquired Full call number Accession Number Koha item type Public note
      KAUAET KAUAET 07/04/2012 909 HAM/LA 20818 Books Vol. 6
      KAUAET KAUAET 07/04/2012 909 HAM/LA 20816 Books Vol. 4
      KAUAET KAUAET 07/04/2012 909 HAM/LA 20815 Books Vol. 3
      KAUAET KAUAET 07/04/2012 909 HAM/LA 20817 Books Vol. 5
      KAUAET KAUAET 07/04/2012 909 HAM/LA 20814 Books Vol. 2
      KAUAET KAUAET 07/04/2012 909 HAM/LA 20813 Books Vol. 1
free website counter